000 01024nam a22002177a 4500
003 OSt
005 20240416092519.0
008 231018s2018 ag ||||| |||| 00| p spa d
020 _a9789871912827
040 _cbesoc
100 1 _aBilsky, Pablo,
_d(1963-),
_eautor
245 1 0 _aSfruttatori /
_cPablo Bilsky
250 _a1a ed.
260 _aRosario :
_bemr,
_c2018
300 _a70 p.
490 _aColección Felipe Aldana
505 0 _aSuperman -- Walt Disney -- Las Vegas -- Frick -- Bean -- Notas.-
520 _aA ritmo desenfrenado y mediante un mecanismo de integración y reutilización de segmentos de toda clase de discursos sociales, entre los que brilla una serie de citas literarias que va del prerrenacimiento italiano al neobarroso transplatino, estos cinco poemas que se llaman Superman, Walt Disney, Las Vegas, Frick y Bean experimentan cada uno una deriva monográfica posible por el espejismo de la cultura norteamericana.-
650 4 _aLiteratura argentina
_vPoesía
_ySiglo XXI
942 _2udc
_cOG
_n0
999 _c129
_d129